[Event "10th ECC w"]
[Site "Saint Vincent ITA"]
[Date "2005.09.21"]
[Round "4"]
[White "Kovalevskaya,E"]
[Black "Slavina,I"]
[Result "1-0"]
[WhiteElo "2471"]
[BlackElo "2391"]

1.Nf3 d5 2.g3 Nf6 3.Bg2 g6 4.O-O Bg7 5.d4 O-O 6.Be3 Bf5 7.Qc1 Nc6 8.h3 Re8
9.Ne5 Nb4 10.Na3 Ne4 11.c3 Na6 12.Bh6 Bh8 13.Qe3 Be6 14.Nd3 c5 15.dxc5 Qc8
16.Nf4 Naxc5 17.Nxe6 Qxe6 18.Nc2 Qb6 19.Rab1 Rad8 20.Rfd1 e5 21.Bxe4 dxe4
22.Nb4 Qb5 23.Nd5 Ne6 24.Qxe4 f5 25.c4 Qa4 26.Qh4 e4 27.b3 Qxa2 28.Nf6+ Bxf6
29.Qxf6 Rd4 30.Kg2 Qa6 31.Kg1 Qd6 32.Re1 b6 33.Be3 Rf8 34.Qh4 f4 35.gxf4 Qd8
36.Qxd8 Rdxd8 37.Red1 Rxd1+ 38.Rxd1 Nxf4 39.Bxf4 Rxf4 40.Rd4 g5 41.Kg2 h6
42.e3 Rf5 43.Rxe4 Ra5 44.b4 Ra2 45.b5 Kf7 46.h4 Kg6 47.Re6+ Kh5 48.hxg5 hxg5
49.Kg3 Rc2 50.Rc6 Rc3 51.Rc7 Ra3 52.Kf3 Ra2 53.Rc8 Kg6 54.Ra8 Ra5 55.Ke4 Ra4
56.Rc8 a6 57.bxa6 Rxa6 58.f4 gxf4 59.exf4 Kf6 60.Rc6+ Ke7 61.Kd4 Kd7 62.Rh6 Kc7
63.f5 Ra5 64.f6 Rf5 65.Ke4 Rf1 66.Ke5 Re1+ 67.Kd5 Rd1+ 68.Ke6 Re1+ 69.Kf7 Kd6
70.Kf8 Kc5 71.f7 Rf1 72.Ke7 Kxc4 73.Rxb6  1-0

[Event "EYg16"]
[Site "Herceg Novi SCG"]
[Date "2005.09.22"]
[Round "8"]
[White "Ignacz,M"]
[Black "Mader,Ma"]
[Result "1-0"]
[WhiteElo "2265"]
[BlackElo "2041"]

1.Nf3 d5 2.g3 Nf6 3.Bg2 Nbd7 4.d4 e6 5.O-O Be7 6.c4 O-O 7.Qc2 c6 8.Nbd2 b6
9.Rd1 Bb7 10.e4 Rc8 11.b3 c5 12.exd5 exd5 13.Bb2 cxd4 14.Nxd4 dxc4 15.Nxc4 Bxg2
16.Kxg2 Qc7 17.Qf5 Nc5 18.Qf3 Nce4 19.h3 a6 20.Nf5 Bc5 21.Nce3 Qc6 22.Rac1 Qe6
23.Ng4 Rfe8 24.Re1 Nxg4 25.Qxg4 g6 26.Nh6+ Kf8 27.Qf3 b5 28.b4 Bxf2 29.Rxe4 Qxa2
30.Rxe8+ Rxe8 31.Qxf2 Qd5+ 32.Kg1  1-0

[Event "EYg16"]
[Site "Herceg Novi SCG"]
[Date "2005.09.22"]
[Round "8"]
[White "Foisor,S"]
[Black "Ivakhinova,I"]
[Result "0-1"]
[WhiteElo "2230"]
[BlackElo "2215"]

1.Nf3 d5 2.g3 Bg4 3.Bg2 c6 4.d3 Nd7 5.Nbd2 Ngf6 6.O-O e5 7.e4 dxe4 8.dxe4 Be7
9.Qe2 Qc7 10.h3 Bh5 11.Rd1 h6 12.g4 Bg6 13.Nh4 Bh7 14.Nf5 Bxf5 15.exf5 O-O-O
16.Nc4 g6 17.fxg6 fxg6 18.Be3 g5 19.b4 h5 20.Na5 e4 21.Bxg5 hxg4 22.h4 g3
23.a3 Rdf8 24.f3 exf3 25.Bxf3 Ne5 26.Bg2 Nfg4 27.Nc4 Bxg5 28.hxg5 Rf2 29.Qe4 Rh2
30.Nd6+ Kb8 31.Nf5 Rhxg2+ 32.Qxg2 Rxg2+ 33.Kxg2 Qh7 34.Nh6 Qxc2+  0-1

[Event "10th ECC w"]
[Site "Saint Vincent ITA"]
[Date "2005.09.23"]
[Round "6"]
[White "Fominykh,M"]
[Black "Prudnikova,S"]
[Result "1/2-1/2"]
[WhiteElo "2335"]
[BlackElo "2370"]

1.Nf3 d5 2.g3 g6 3.Bg2 Bg7 4.O-O c5 5.c4 d4 6.e3 Nc6 7.exd4 cxd4 8.d3 Nf6
9.Re1 O-O 10.Na3 Nd7 11.Rb1 Nb4 12.Nc2 Nxc2 13.Qxc2 a5 14.b3 Ra7  1/2-1/2

[Event "4th Kesarovski - Georgiev Memorial"]
[Site "Sunny Beach BUL"]
[Date "2005.09.23"]
[Round "8"]
[White "Angelov,Z"]
[Black "Asparuhov,P"]
[Result "1-0"]
[WhiteElo "2098"]
[BlackElo "2141"]

1.Nf3 d5 2.g3 c6 3.Bg2 Bg4 4.O-O e6 5.d3 Nf6 6.Nbd2 Nbd7 7.e4 Qc7 8.Qe2 dxe4
9.dxe4 Ne5 10.h3 Nxf3+ 11.Nxf3 Bxf3 12.Bxf3 Bc5 13.e5 Nd7 14.Bf4 Bd4 15.Rfd1 Bxb2
16.Rab1 Ba3 17.h4 Be7 18.c4 h6 19.Be4 g5 20.hxg5 hxg5 21.Be3 Nc5 22.Bxc5 Bxc5
23.Qf3 Be7 24.Rxb7 Qxe5 25.Bxc6+ Kf8 26.Rxe7 Kxe7 27.Bxa8  1-0

[Event "14th Monarch Assurance"]
[Site "Port Erin IOM"]
[Date "2005.09.25"]
[Round "2"]
[White "Neubauer,M"]
[Black "Kobalia,M"]
[Result "0-1"]
[WhiteElo "2468"]
[BlackElo "2614"]

1.Nf3 d5 2.g3 Bg4 3.Bg2 Nd7 4.c4 e6 5.b3 Ngf6 6.O-O Bd6 7.d4 O-O 8.Ba3 Bxa3
9.Nxa3 Ne4 10.Qc1 c6 11.Nc2 Qe7 12.Qb2 a5 13.Ne3 Bh5 14.a3 f5 15.Nc2 Nd6
16.cxd5 exd5 17.Nce1 a4 18.b4 Nc4 19.Qa2 f4 20.Nd3 g5 21.gxf4 gxf4 22.Kh1 Rae8
23.Rae1 Kh8 24.Rg1 Bg6 25.Bh3 Be4 26.Rg2 Rg8 27.Reg1 Rxg2 28.Rxg2 Nf8 29.Nc5 Bxf3
30.exf3 Qh4 31.Bg4 h5 32.Bd7 Re1+ 33.Rg1 Qe7 34.Bh3 Rxg1+ 35.Kxg1 Qe1+ 36.Bf1 Nd2  0-1

[Event "14th Monarch Assurance"]
[Site "Port Erin IOM"]
[Date "2005.09.25"]
[Round "2"]
[White "Neubauer,M"]
[Black "Kobalia,M"]
[Result "0-1"]
[WhiteElo "2468"]
[BlackElo "2614"]

1.Nf3 d5 2.g3 Bg4 3.Bg2 Nd7 4.c4 e6 5.b3 Ngf6 6.O-O Bd6 7.d4 O-O 8.Ba3 Bxa3
9.Nxa3 Ne4 10.Qc1 c6 11.Nc2 Qe7 12.Qb2 a5 13.Ne3 Bh5 14.a3 f5 15.Nc2 Nd6
16.cxd5 exd5 17.Nce1 a4 18.bxa4 Nc4 19.Qa2 f4 20.Nd3 g5 21.gxf4 gxf4 22.Kh1 Rae8
23.Rfc1 Kh8 24.Rg1 Bg6 25.Bh3 Be4 26.Rg2 Rg8 27.Rag1 Rxg2 28.Rxg2  0-1

[Event "14th Monarch Assurance"]
[Site "Port Erin IOM"]
[Date "2005.09.26"]
[Round "3"]
[White "Goletiani,R"]
[Black "Yakovich,Yur"]
[Result "1-0"]
[WhiteElo "2332"]
[BlackElo "2560"]

1.Nf3 d5 2.g3 Bg4 3.Bg2 Nd7 4.c4 e6 5.b3 Ngf6 6.Bb2 c6 7.O-O Bd6 8.d4 O-O
9.Nbd2 Qb8 10.Re1 a5 11.e4 Bb4 12.exd5 cxd5 13.a3 Be7 14.h3 Bh5 15.g4 Bg6
16.Ne5 dxc4 17.g5 Nxe5 18.gxf6 Nd3 19.fxe7 Re8 20.Nxc4 Nxe1 21.Qxe1 Qc7 22.Rc1 Rxe7
23.Nxa5 Qb6 24.Qc3 f6 25.b4 Rb8 26.a4 Be8 27.b5 Ra8 28.Nc4 Qd8 29.Ba3 Rc7
30.b6 Rc6 31.Qb4 Bd7 32.Qe7 Qxe7 33.Bxe7 Rxa4 34.Bxc6 Bxc6 35.Nb2 Ra5 36.Rxc6 bxc6
37.Nc4 Rb5 38.Bc5 e5 39.Nd6 Rb1+ 40.Kg2 exd4 41.Bxd4 Kf8 42.b7 Ke7 43.Bb6 Rxb6
44.Nc8+ Kd7 45.Nxb6+ Kc7 46.Nc4 Kxb7 47.Nd6+ Kb6 48.Ne8 c5 49.Nxg7 c4 50.Nf5 c3
51.Ne3 Kc5 52.Kf3 Kd4 53.Kf4 Kd3 54.h4 h5 55.Nd5  1-0

[Event "2nd Highlands Open A"]
[Site "Havlickuv Brod CZE"]
[Date "2005.09.30"]
[Round "7"]
[White "Simunek,F"]
[Black "Folkova,M"]
[Result "0-1"]
[WhiteElo "2072"]
[BlackElo "2149"]

1.Nf3 d5 2.g3 g6 3.Bg2 Bg7 4.O-O e5 5.d3 Ne7 6.Nbd2 O-O 7.e4 dxe4 8.Nxe4 h6
9.Re1 Nbc6 10.Rb1 f5 11.Ned2 g5 12.Nc4 Ng6 13.b4 g4 14.b5 gxf3 15.bxc6 b5
16.Qxf3 bxc4 17.Qd5+ Kh7 18.Qxc4 f4 19.Ba3 Rf6 20.Be4 Bf5 21.Rb7 Bxe4 22.Qxe4 Rf7
23.Bc5 Bf8 24.Bxa7 fxg3 25.hxg3 Rxa7 26.Rxa7 Bc5 27.Ra4 Bxf2+ 28.Kh2 Qg5
29.Rg1 Bxg1+  0-1

[Event "Wch-Seniors"]
[Site "Lignano Sabbiadoro ITA"]
[Date "2005.09.30"]
[Round "3"]
[White "Luecke,V"]
[Black "Ousatchij,M"]
[Result "0-1"]
[WhiteElo "2017"]
[BlackElo "2169"]

1.Nf3 d5 2.g3 Nf6 3.Bg2 Bf5 4.O-O e6 5.b3 Nbd7 6.d4 Bd6 7.Nbd2 O-O 8.Bb2 c6
9.c4 h6 10.Nh4 Bh7 11.f4 Ng4 12.Qc1 Ne3 13.Ne4 Bxf4 14.Rxf4 Nxg2 15.Nxg2 Bxe4
16.Qf1 f5 17.Ba3 Rf6 18.e3 Qa5 19.Bd6 Qc3 20.Rc1 Qd2 21.Rf2 Qa5 22.Nf4 Re8
23.Nd3 Qd8 24.c5 Rf7 25.Ne5 Nxe5 26.Bxe5 Qg5 27.Qe2 Kh7 28.Kf1 Kg6 29.Ke1 Ref8
30.Bd6 Re8 31.Kd2 Kh7 32.Rg1 Kg8 33.Rgf1 Qd8 34.Kc3 b5 35.b4 a5 36.a3 Ra7
37.Qb2 Qa8 38.Ra1 Rd8 39.Qb3 axb4+ 40.Qxb4 Ra4 41.Qb3 Qa5+ 42.Kb2 Ra8 43.Re2 Qa6
44.Ree1 b4 45.Ra2 bxa3+ 46.Ka1 Qa5 47.Rd1 Rb4  0-1

[Event "14th Monarch Assurance"]
[Site "Port Erin IOM"]
[Date "2005.09.30"]
[Round "7"]
[White "Hickman,J"]
[Black "Henderikse,B"]
[Result "1/2-1/2"]
[WhiteElo "2115"]
[BlackElo "2028"]

1.Nf3 d5 2.g3 c5 3.Bg2 Nf6 4.O-O g6 5.d3 Bg7 6.Nbd2 Nc6 7.e4 O-O 8.Re1 e5
9.exd5 Nxd5 10.a3 Re8 11.Rb1 h6 12.h3 Bf5 13.Ne4 b6 14.c4 Bxe4 15.dxe4 Nc7
16.b4 Ne6 17.Bb2 Ncd4 18.Nxd4 Nxd4 19.Bxd4 cxd4 20.Bf1 Bf8 21.Qb3 Qe7 22.a4 Qc7
23.Rec1 a5 24.b5  1/2-1/2

[Event "14th Monarch Assurance"]
[Site "Port Erin IOM"]
[Date "2005.10.01"]
[Round "8"]
[White "Klenburg,M"]
[Black "Kogan,Ar"]
[Result "1-0"]
[WhiteElo "2400"]
[BlackElo "2580"]

1.g3 d5 2.Nf3 c6 3.Bg2 Bg4 4.O-O Nd7 5.d4 e6 6.Nbd2 f5 7.c4 Bd6 8.Qb3 Rb8
9.Re1 Qf6 10.cxd5 cxd5 11.Qa4 Ne7 12.Ne5 b5 13.Qxa7 Nxe5 14.dxe5 Bxe5 15.Nf3 Bd6
16.Bg5 Qf7 17.Qa6 Nc8 18.Rac1 Qd7 19.Be3 O-O 20.Rc6 Bxf3 21.exf3 Rd8 22.f4 Ne7
23.Rb6 Ra8 24.Qxb5 Qxb5 25.Rxb5 Rxa2 26.Bb6 Rd7 27.Rxe6 Ra1+ 28.Bf1 Kf7 29.Re3 Rb7
30.Reb3 Rd1 31.Kg2 Nc6 32.Be2 Rd2 33.Bf3 Ne7 34.Be3 Rxb5 35.Rxb5 Rc2 36.Bxd5+ Nxd5
37.Rxd5 Ke6 38.Rb5 g6 39.Rb7 Be7 40.b4 Rb2 41.b5 Rb3 42.b6 Rd3 43.Rb8 Rd7
44.Rc8 Rb7 45.Kf3 Bd6 46.Ke2 Kd7 47.Rh8 Kc6 48.Kd3 Bb4 49.Ra8 Bd6 50.Ra7 Bb8
51.Kc4 Bxa7 52.bxa7  1-0

[Event "14th Monarch Assurance"]
[Site "Port Erin IOM"]
[Date "2005.10.01"]
[Round "8"]
[White "Werner,Ge"]
[Black "Heyl,T"]
[Result "1/2-1/2"]
[WhiteElo "2047"]
[BlackElo "2101"]

1.Nf3 d5 2.g3 Nf6 3.Bg2 c6 4.O-O Bf5 5.d4 e6 6.c4 Be7 7.cxd5 exd5 8.Nc3 O-O
9.Bf4 h6 10.Ne5 Nbd7 11.Nxd7 Qxd7 12.a3 g5 13.Bd2 Bh3 14.b4 Bxg2 15.Kxg2 b5
16.Na2 Ne4 17.Nc1 Nd6 18.Nd3 Nc4 19.Ne5 Qe6 20.Nxc4 bxc4 21.Qc2 f5 22.e3 Qe4+
23.Qxe4 fxe4 24.f3 exf3+ 25.Rxf3 Rxf3 26.Kxf3 Rf8+ 27.Ke2 Bf6 28.g4 Re8 29.Bc3 Re4
30.h3 Re7 31.Kf3 Kf7 32.Re1 Re4 33.Rb1 a6 34.a4 Re6 35.Re1 Re7 36.e4 Ke6
37.e5 Bg7 38.Kg3 Rf7 39.Kg2 Bf8 40.Rf1 Rxf1 41.Kxf1 Kd7  1/2-1/2

[Event "NK Rapid"]
[Site "Vlaardingen NED"]
[Date "2005.10.01"]
[Round "1"]
[White "Glek,I"]
[Black "Van Dijk,Ti"]
[Result "1-0"]
[WhiteElo "2566"]
[BlackElo "2277"]

1.Nf3 d5 2.g3 Nf6 3.Bg2 c6 4.b3 Bf5 5.Bb2 Nbd7 6.O-O Qc7 7.d3 e5 8.Nbd2 Bd6
9.e4 Bg6 10.Nh4 O-O 11.Qe2 Rae8 12.Kh1 dxe4 13.dxe4 Bh5 14.Bf3 Bxf3+ 15.Qxf3 g6
16.Nc4 Be7 17.Rad1 b5 18.Nd2 Qa5 19.a4 a6 20.Qe2 Bb4 21.axb5 axb5 22.Ndf3 Qc7
23.Bc1 Ra8 24.Bh6 Rfe8 25.Ng5 Bf8 26.Bxf8 Nxf8 27.Qf3 Qe7 28.Qe2 N6d7 29.Ngf3 Ra2
30.Rd2 Rea8 31.Rfd1 Ra1 32.Kg2 Nc5 33.Qe3 Rxd1 34.Rxd1 Ra2 35.Qc3 Nxe4 36.Qxc6 Nf6
37.Re1 N6d7 38.Re2 b4 39.Qd5 Qc5 40.Qe4 f6 41.Ne1 Nb6 42.Nd3 Qd5 43.Nxb4 Qxe4+
44.Rxe4 Ne6 45.Nf3 Kf7 46.Re2 Nc5 47.Rd2 Ke6 48.Rd8 Ne4 49.Re8+ Kf7 50.Rb8 Nd7
51.Rb7 Ke8 52.Ne1 Ra8 53.Ned3 Rc8 54.f3 Nd6 55.Ra7 Nb5 56.Rb7 Nd4 57.Ne1 Nc5
58.Rxh7 Nce6 59.Rh8+ Nf8 60.Nd5 Kf7 61.Ne3 Rc6 62.Nc4 Nfe6 63.Ra8 Nc7 64.Ra7 Ke6
65.h4 Ndb5 66.Rb7 Nd4 67.Rb6 Rxb6 68.Nxb6 Ncb5 69.Nc4 Nc3 70.Ne3 f5 71.g4 f4  1-0

[Event "NK Rapid"]
[Site "Vlaardingen NED"]
[Date "2005.10.01"]
[Round "2"]
[White "Carlier,B"]
[Black "Timman,J"]
[Result "1-0"]
[WhiteElo "2464"]
[BlackElo "2630"]

1.Nf3 d5 2.g3 c6 3.Bg2 Bg4 4.c4 e6 5.Qb3 Qb6 6.O-O Qxb3 7.axb3 Nd7 8.d4 Ngf6
9.Nc3 Bb4 10.c5 O-O 11.Na2 Ba5 12.Bf4 Ne4 13.b4 Bd8 14.Nc3 Bf6 15.Rfd1 a6
16.Nxe4 dxe4 17.Ne5 Bxe5 18.dxe5 Rfd8 19.Kf1 Bf5 20.Rd6 Kf8 21.h3 h6 22.g4 Bh7
23.Ke1 Ke7 24.Ra5 g5 25.Bg3 f6 26.exf6+ Nxf6 27.Be5 Nd5 28.Ra4 Rxd6 29.Bxd6+ Kd7
30.Be5 Rf8 31.e3 Rf7 32.Ke2 Bg6 33.Ke1 Rh7 34.Kf1 h5 35.gxh5 Rxh5 36.Kg1 Bf5
37.Bg3 Rh8 38.Be5 Rh7 39.Bg3 Ke7 40.Be5 Kf7 41.Bg3 Kf6 42.Bb8 e5 43.Bd6 Ke6
44.Bb8 Rh4 45.Kh2 Bxh3 46.Bxh3+ g4 47.Kg3 Rxh3+ 48.Kxg4 Rf3 49.b5 Nf6+ 50.Kg5 cxb5
51.Ra3 Rxf2 52.c6 bxc6 53.Rxa6 Rg2+ 54.Kh4 Kd5 55.b4 Rb2 56.Ra7 Rxb4 57.Kg5 Ne8
58.Re7 Nd6 59.Rd7 c5 60.Rxd6+ Kc4 61.Kf5 Ra4 62.Rd1 b4 63.Bxe5 Kb3 64.Kxe4 c4
65.Rc1 c3 66.Kd3 Kb2 67.Rc2+ Kb1 68.Bxc3 Ra3 69.Kd2 Rb3 70.Rc1+  1-0

[Event "NK Rapid"]
[Site "Vlaardingen NED"]
[Date "2005.10.01"]
[Round "3"]
[White "Gutman,L"]
[Black "De Jager,J"]
[Result "1/2-1/2"]
[WhiteElo "2455"]
[BlackElo "2358"]

1.Nf3 d5 2.g3 c6 3.Bg2 Nf6 4.O-O Bg4 5.c3 Nbd7 6.Qb3 Qb6 7.d3 e6 8.Be3 Bc5
9.Bxc5 Nxc5 10.Qc2 Ncd7 11.Nbd2 O-O 12.b4 a5 13.Rfb1 axb4 14.cxb4 Ra3 15.Rb3 Rfa8
16.Rxa3 Rxa3 17.Qb2 Ra4 18.Qc2 Rxb4 19.Nb3 Bxf3 20.Bxf3 Qa7 21.e3 Ra4 22.Nc1 Ne8
23.Rb1 Nd6 24.Qb2 h6 25.Be2 c5 26.Qd2 b5 27.Bf1 Qa5 28.Qc2 c4 29.dxc4 bxc4
30.Rb2 Qa7 31.Ne2 Ra6 32.Nd4 Rb6 33.Rxb6 Qxb6 34.Qa4 Qb7 35.Qa5 Qb6 36.Qa8+ Nf8
37.a4 Qb7 38.Qd8 Ne4 39.Nb5 g6 40.Qa5 Nd7 41.Bg2 Nef6 42.h3 Kg7 43.Qc3 Qb6
44.g4 g5 45.Bf3 Nc5 46.Qb4 Nfe4 47.a5 Qc6 48.Nd4 Qa6 49.Bxe4 Nxe4 50.Nb5 Qc6
51.Nd4 Qa6 52.Nb5 Qc6 53.Nd4 Qa6 54.f3 Qd6  1/2-1/2

[Event "NK Rapid"]
[Site "Vlaardingen NED"]
[Date "2005.10.01"]
[Round "6"]
[White "Gutman,L"]
[Black "Van den Doel,E"]
[Result "0-1"]
[WhiteElo "2455"]
[BlackElo "2582"]

1.Nf3 d5 2.g3 Bg4 3.Bg2 Nd7 4.O-O e5 5.d3 Ngf6 6.c4 d4 7.e3 dxe3 8.Bxe3 Be7
9.Qb3 Qc8 10.d4 exd4 11.Nxd4 Nc5 12.Qc2 O-O 13.Nc3 c6 14.Rfe1 Re8 15.b4 Ne6
16.b5 cxb5 17.cxb5 Rd8 18.Nxe6 Bxe6 19.Qb2 Ng4 20.Ne4  0-1

[Event "NK Rapid"]
[Site "Vlaardingen NED"]
[Date "2005.10.01"]
[Round "9"]
[White "Carlier,B"]
[Black "Van den Doel,E"]
[Result "0-1"]
[WhiteElo "2464"]
[BlackElo "2582"]

1.Nf3 d5 2.g3 Nf6 3.Bg2 e6 4.O-O Be7 5.b3 O-O 6.e3 c5 7.c4 Nc6 8.Bb2 b6 9.Nc3 Ba6
10.d3 Qd7 11.Qe2 Rad8 12.Rfd1 Rfe8 13.e4 Nd4 14.Nxd4 cxd4 15.Nb1 dxe4 16.dxe4 e5
17.Bf1 Bb7 18.f3 Qc7 19.Na3 Nd7 20.Nc2 Nc5 21.Ne1 a5 22.Nd3 Bg5 23.Bc1 Bxc1
24.Raxc1 Rf8 25.Bh3 Qe7 26.Nxc5 bxc5 27.Rd3 Rd6 28.Qd2 Ra6 29.a3 Bc6 30.Rb1 Rb8
31.Qe1 Qg5 32.Bg2 g6 33.h4 Qe7 34.Qd2 Qf6 35.Rf1 Re8 36.Kh2 Kg7 37.Qc1 Ra7
38.Qd2 h6 39.Qc1 Bd7 40.Qd2 Be6 41.Rc1 Rb8 42.Qe1 Ra6 43.Qd2 g5 44.hxg5 hxg5
45.Kg1 Rh8 46.b4 axb4 47.Qxb4 Raa8 48.Rd2 Qh6 49.Qb3 g4 50.Kf2 Bxc4 51.Rcd1 Qe3+  0-1

[Event "Veselin Boskovic Mem"]
[Site "Bijelo Polje SCG"]
[Date "2005.10.02"]
[Round "1"]
[White "Kosic,D"]
[Black "Abramovic,B"]
[Result "1/2-1/2"]
[WhiteElo "2489"]
[BlackElo "2482"]

1.Nf3 d5 2.g3 c6 3.Bg2 Nf6 4.O-O Bf5 5.d3 h6 6.c4 e6 7.cxd5 exd5 8.Nd4 Bh7
9.Nc3 Bc5 10.Nb3 Bb6 11.e4 dxe4 12.dxe4 Qxd1 13.Rxd1 O-O 14.h3 Nbd7 15.Na4 Rfe8
16.Nxb6 Nxb6 17.f3 Nc4 18.Bf1 Ne5 19.Be2 Rad8 20.Be3 b6 21.Rxd8 Rxd8 22.Rd1 Rxd1+
23.Bxd1 c5 24.Be2 Kf8 25.Kf2  1/2-1/2

[Event "Open A"]
[Site "Hamburg GER"]
[Date "2005.10.02"]
[Round "2"]
[White "Emami,M"]
[Black "Sternberg,P"]
[Result "0-1"]
[WhiteElo "2074"]
[BlackElo "2320"]

1.Nf3 d5 2.g3 Bg4 3.Bg2 e6 4.d3 Bd6 5.Nbd2 f5 6.O-O Nd7 7.Qe1 Qf6 8.Rb1 Ne7
9.c4 c6 10.b4 g5 11.b5 f4 12.bxc6 bxc6 13.Nb3 h5 14.cxd5 cxd5 15.e4 dxe4
16.dxe4 e5 17.Qa5 h4 18.gxf4 h3 19.Bh1 gxf4 20.Rd1 Kf7 21.Kf1 Rhd8 22.Ba3 Bxa3
23.Qxa3 Qc6 24.Rbc1 Qb5+ 25.Ke1 Rg8 26.Nbd2 Be6 27.Rb1 Qc5 28.Qxc5 Nxc5 29.Nxe5+ Kf6
30.Ndc4 Rg5 31.Rbc1 Rc8 32.Nf3 Rgg8 33.e5+ Kg7 34.Ke2 Na4 35.Nfd2 Nf5 36.Rg1+ Kh6
37.Rxg8 Bxg8 38.Be4 Nd4+ 39.Kd1 Nb5 40.Nd6 Nb2+ 41.Ke2 Nd4+  0-1

[Event "Open A"]
[Site "Hamburg GER"]
[Date "2005.10.02"]
[Round "2"]
[White "Ghadimi,M"]
[Black "Asendorf,J"]
[Result "1/2-1/2"]
[WhiteElo "2145"]
[BlackElo "2328"]

1.Nf3 d5 2.g3 c5 3.Bg2 Nc6 4.d4 e6 5.c3 Nf6 6.O-O Bd6 7.Be3 cxd4 8.cxd4 Qb6
9.Bc1 Ne4 10.Nc3 f5 11.e3 Nxc3 12.bxc3 Na5 13.Nd2 O-O 14.Qc2 Qc7 15.f3 Bd7
16.Re1 Rac8 17.Bb2 Bb5 18.e4 Qb6 19.Rac1 e5 20.Qb1 exd4 21.cxd4 Bb4 22.Rxc8 Rxc8
23.Rc1 Rd8 24.Nb3 Nxb3 25.axb3 Bd2 26.Rd1 Be3+ 27.Kh1 dxe4 28.fxe4 Bxd4 29.Bxd4 Rxd4
30.exf5 Bc6 31.Rxd4 Bxg2+ 32.Kxg2 Qxd4 33.Qc2 Qd5+ 34.Kh3 Kf7 35.g4 Kf6 36.Kg3 Qe5+
37.Kf3 h5 38.h3 Qd5+ 39.Kg3 Qe5+ 40.Kf3 Qd5+ 41.Kg3 Qe5+ 42.Kf3 h4 43.Qd2 Qg3+
44.Ke4  1/2-1/2

[Event "Open A"]
[Site "Hamburg GER"]
[Date "2005.10.03"]
[Round "3"]
[White "Gollasch,T"]
[Black "Hedke,F"]
[Result "0-1"]
[WhiteElo "2158"]
[BlackElo "2339"]

1.Nf3 d5 2.g3 g6 3.Bg2 Bg7 4.c4 dxc4 5.Qa4+ Nc6 6.Qxc4 e5 7.d3 Nge7 8.Nc3 O-O
9.O-O Be6 10.Qa4 Nd4 11.e3 Bd7 12.Qd1 Nxf3+ 13.Bxf3 Bc6 14.e4 Qd6 15.Be2 Rad8
16.Qb3 a5 17.Bg5 h6 18.Be3 b6 19.Rac1 Qd7 20.a4 Kh7 21.Qc4 f5 22.f3 Bb7 23.Kg2 c5
24.Qb3 Rf6 25.Nb1 Nc6 26.Na3 Nb4 27.Nc4 Qe6 28.Bd2 Ba6 29.Bxb4 axb4 30.Rc2 Rf7
31.a5 Bxc4 32.Qxc4 Qxc4 33.Rxc4 bxa5 34.Ra1 fxe4 35.fxe4 Rdf8 36.Rc2 Rf2+
37.Kg1 b3 38.Rd2 h5 39.Rf1 Rxf1+ 40.Bxf1 Bh6 41.Rd1 Be3+ 42.Kh1 Rf2 43.Rb1 a4
44.Bh3 a3 45.bxa3 b2 46.Be6 Rc2 47.Ba2 Bc1 48.a4 Rc3 49.Bc4 Ra3  0-1

[Event "Open A"]
[Site "Hamburg GER"]
[Date "2005.10.03"]
[Round "3"]
[White "Buchholz,R"]
[Black "Czaeczine,A"]
[Result "0-1"]
[WhiteElo "2016"]
[BlackElo "2186"]

1.g3 d5 2.Nf3 g6 3.Bg2 Bg7 4.c4 Nf6 5.O-O O-O 6.cxd5 Nxd5 7.Nc3 c5 8.Qb3 Nb6
9.d3 Nc6 10.Ne4 c4 11.dxc4 Be6 12.Rd1 Qc8 13.Ned2 Na5 14.Qc2 Naxc4 15.Nxc4 Qxc4
16.Qxc4 Bxc4 17.Be3 Bxe2 18.Rd2 Ba6 19.Bxb6 axb6 20.Rad1 e6 21.b3 Bf6 22.Rc2 Rfc8
23.Rdc1 Rxc2 24.Rxc2 Bd3 25.Rd2 Bb1 26.a4 Rc8 27.Bf1 Be4 28.Be2 Rc3 29.Nd4 Rc1+
30.Bf1 Bd5 31.f4 Bxd4+ 32.Rxd4 Bxb3 33.Rb4 Ba2 34.Kf2 Rb1 35.Rd4 Bd5  0-1

[Event "Open A"]
[Site "Hamburg GER"]
[Date "2005.10.04"]
[Round "4"]
[White "Hasenbank,D"]
[Black "Kroencke,M"]
[Result "0-1"]
[WhiteElo "2074"]
[BlackElo "2194"]

1.Nf3 d5 2.g3 Nf6 3.Bg2 e6 4.O-O Be7 5.d3 b6 6.Nbd2 Bb7 7.Re1 O-O 8.h4 d4
9.Nf1 Bb4 10.Bd2 Bxd2 11.Qxd2 c5 12.e4 dxe3 13.Nxe3 Qc7 14.Qe2 Nc6 15.Nc4 Rfd8
16.Rad1 b5 17.Nce5 Nd4 18.Nxd4 cxd4 19.Bxb7 Qxb7 20.h5 h6 21.Kh2 Rac8 22.Rg1 Rc5
23.Rc1 Rxe5  0-1

[Event "Open A"]
[Site "Hamburg GER"]
[Date "2005.10.04"]
[Round "4"]
[White "Kaye,F"]
[Black "Schuette,A"]
[Result "1-0"]
[WhiteElo "2060"]
[BlackElo "2201"]

1.Nf3 d5 2.g3 c5 3.Bg2 Nc6 4.O-O e6 5.d3 g6 6.Bg5 Qb6 7.Qc1 Bg7 8.c3 Nge7
9.e4 O-O 10.Na3 Qc7 11.Re1 b6 12.Bh6 Ba6 13.Bxg7 Kxg7 14.Qe3 Rad8 15.Rad1 d4
16.Qe2 e5 17.c4 Bc8 18.Rf1 h6 19.Nh4 f6 20.f4 a6 21.Rf2 Bd7 22.Qf1 Nb4 23.b3 b5
24.Bh3 g5 25.fxg5 hxg5 26.Nf5+ Bxf5 27.Bxf5 Nxf5 28.Rxf5 Qa5 29.Nb1 Qxa2
30.Qf3 Qa5 31.Rf1 Qb6 32.h4 Nc2 33.hxg5 Ne3 34.gxf6+ Kf7 35.Rxe5 Rh8 36.Re7+ Kf8
37.Rf2 Rh6 38.Qf4 Rg6 39.Rh7 Kg8 40.Qh4 Rxf6 41.Rxf6  1-0

[Event "Vojvodina Quality League"]
[Site "Pancevo SCG"]
[Date "2005.10.04"]
[Round "2"]
[White "Kostic,VV"]
[Black "Kapelan,M"]
[Result "1/2-1/2"]
[WhiteElo "2330"]
[BlackElo "2323"]

1.g3 d5 2.Nf3 Nf6 3.Bg2 Bf5 4.c4 c6 5.cxd5 cxd5 6.Qb3 Qb6 7.Qxb6 axb6 8.d3 Nc6
9.Nc3 e6 10.h3 h6 11.g4 Bg6 12.Bd2 Be7 13.O-O O-O 14.Rfc1 Ne8 15.Nb5 Nd6
16.Nxd6 Bxd6 17.Be3 Ra6 18.Nd4 Nxd4 19.Bxd4 Rfa8 20.a3 b5 21.Rab1 Ra4 22.Bc5 Bxc5
23.Rxc5 b4 24.Rb5 bxa3 25.bxa3 Rxa3 26.Rxb7 Ra1 27.Bf3 f6 28.Kg2 Rxb1 29.Rxb1 Ra7
30.Rb6 Kf7 31.Kg3 Ke7 32.d4 Be8 33.h4 Bg6 34.e3 Bd3 35.Kf4 Ra2 36.Rb7+ Kf8
37.Kg3 Ra1 38.Rb3 Bc2 39.Rb2 Bd3 40.Rd2 Bc4 41.Rd1 Rxd1 42.Bxd1 g5 43.hxg5 hxg5
44.f4 Ke7 45.Kf2 Kd6 46.Ke1 Bd3 47.Bf3 Bb1 48.Kd2 Ba2 49.Be2 Bb3 50.Bb5 Ke7
51.Be2 Kd6 52.Kc3 Ba4 53.fxg5 fxg5 54.Kb4 Be8 55.Bd3 Bd7 56.Bb5 Bc8 57.Be2 e5
58.Kb5 exd4 59.exd4 Bd7+ 60.Kb6 Be6 61.Kb7 Bd7 62.Bf3 Be6 63.Be2  1/2-1/2

[Event "Vojvodina Quality League"]
[Site "Pancevo SCG"]
[Date "2005.10.06"]
[Round "5"]
[White "Stojkovic,N"]
[Black "Roganovic,Milo"]
[Result "1/2-1/2"]
[WhiteElo "2081"]
[BlackElo "2244"]

1.Nf3 d5 2.g3 Nf6 3.Bg2 c6 4.O-O Bg4 5.d3 Nbd7 6.Nbd2 e5 7.e4 Bd6 8.c3 O-O
9.Qc2 Re8 10.Re1 a5 11.Nf1 dxe4 12.dxe4 Nc5 13.Ne3 Bh5 14.Nf5 Bf8 15.Bg5 Qd3
16.Qxd3 Nxd3 17.Re2 Bc5 18.Bxf6 gxf6 19.Rd2 Rad8 20.Kf1 Bg6 21.Rad1 Bxf5
22.exf5 e4 23.Ne1 Bb6 24.Nxd3 Rxd3 25.Rxd3 exd3 26.Rxd3 Rd8 27.Rxd8+ Bxd8
28.Ke2 Kf8 29.h4 Ke7 30.g4 h6 31.f4 Kd6 32.Kd3 b5 33.b4 axb4 34.cxb4 c5 35.a3 Be7  1/2-1/2

[Event "Vojvodina Quality League"]
[Site "Pancevo SCG"]
[Date "2005.10.06"]
[Round "5"]
[White "Vujadinovic,G"]
[Black "Kapelan,M"]
[Result "1/2-1/2"]
[WhiteElo "2358"]
[BlackElo "2323"]

1.Nf3 d5 2.g3 Nf6 3.Bg2 Bf5 4.b3 e6 5.Bb2 h6 6.d3 Be7 7.Nbd2 O-O 8.O-O Bh7
9.Qe1 a5 10.a4 Nc6  1/2-1/2

[Event "Vojvodina Quality League"]
[Site "Pancevo SCG"]
[Date "2005.10.06"]
[Round "6"]
[White "Kostic,VV"]
[Black "Dekic,J"]
[Result "1/2-1/2"]
[WhiteElo "2330"]
[BlackElo "2318"]

1.g3 d5 2.Nf3 Nf6 3.Bg2 g6 4.O-O Bg7 5.d4 O-O 6.Nbd2 c6 7.c3 Bf5 8.Re1 Qc8
9.Qb3 Nbd7 10.Nh4 Be6 11.Qa3 Re8 12.e4 Nxe4 13.Nxe4 dxe4 14.Bxe4 Nf6 15.Bg2 Bh3
16.Bg5 Bxg2 17.Kxg2 Qd7 18.Bxf6 Bxf6 19.Nf3 Qd6 20.Qb3 b6 21.Re3 Rad8 22.Rae1 c5
23.dxc5 Qxc5  1/2-1/2

[Event "Vojvodina Quality League"]
[Site "Pancevo SCG"]
[Date "2005.10.07"]
[Round "7"]
[White "Lalic,D"]
[Black "Mihalj,M"]
[Result "1/2-1/2"]
[WhiteElo "2364"]
[BlackElo "2313"]

1.Nf3 d5 2.g3 Bg4 3.Bg2 Nd7 4.c4 e6 5.d3 c6 6.cxd5 exd5 7.O-O Ngf6 8.h3 Bxf3
9.Bxf3 Bc5 10.Nc3 O-O 11.Bg2 Re8 12.a3 Qe7 13.Qc2 Bb6 14.e4 dxe4 15.dxe4 Nc5
16.Bg5  1/2-1/2

[Event "2nd Bundesliga Ost 2005-6"]
[Site "Austria AUT"]
[Date "2005.10.08"]
[Round "1"]
[White "Tibensky,R"]
[Black "Ganaus,H"]
[Result "1/2-1/2"]
[WhiteElo "2432"]
[BlackElo "2320"]

1.Nf3 d5 2.g3 c6 3.b3 Bg4 4.Bg2 Nd7 5.Bb2 Ngf6 6.c4 e6 7.O-O a5 8.d3 Bd6
9.Nc3 O-O 10.Qc2 Qb8 11.cxd5 exd5 12.e4 dxe4 13.dxe4 Re8 14.Nd2 Bh5 15.Nc4 Bc5
16.Rae1 b5 17.Ne3 Qb6 18.Kh1 Rad8  1/2-1/2

[Event "2nd Bundesliga Mitte 2005-6"]
[Site "Austria AUT"]
[Date "2005.10.08"]
[Round "1"]
[White "Stuhlik,M"]
[Black "Sandhoefner,F"]
[Result "1-0"]
[WhiteElo "2261"]
[BlackElo "2285"]

1.g3 d5 2.Nf3 Nf6 3.Bg2 c6 4.d3 Bf5 5.Nbd2 e6 6.O-O Be7 7.b3 O-O 8.Bb2 h6
9.Ne5 Nbd7 10.Nxd7 Nxd7 11.e4 Bh7 12.f4 Qa5 13.a3 Rad8 14.Kh1 Qc7 15.Qe2 Rfe8
16.Rae1 Bf8 17.g4 a5 18.g5 hxg5 19.fxg5 dxe4 20.Bxe4 Bxe4+ 21.Nxe4 Nc5 22.Nf6+ gxf6
23.gxf6 Rd5 24.Qg4+ Kh7 25.Qh4+ Bh6 26.Bc1  1-0

[Event "5th ch-Asian"]
[Site "Hyderabad IND"]
[Date "2005.10.08"]
[Round "3"]
[White "Girinath,P"]
[Black "Babu,NS"]
[Result "1/2-1/2"]
[WhiteElo "2392"]
[BlackElo "2298"]

1.Nf3 d5 2.g3 c6 3.Bg2 Bf5 4.d3 Nd7 5.O-O e6 6.Nbd2 Ngf6 7.b3 h6 8.Bb2 Bh7
9.Qe1 Be7 10.e4 dxe4 11.dxe4 O-O 12.Qe2 Qc7 13.e5 Nd5 14.Ne4 c5  1/2-1/2